000 00591nam a2200193Ia 4500
005 20250508164823.0
008 008 250505s9999 xx 000 0 hin d
037 _aDissertations
040 _aFEDL
_beng
_cFEDL
041 _ahin
_2eng
084 _a376, SAV/DI
_qFEDL
100 _aSavitri
245 0 _aDelhi shetra me ladkiyo ki shiksha ke vikas me isai mishnario ka yogdan: Swatantrata ke baad se vartman tak
260 _c1999
300 _a137p.
546 _aM. Phil. Dissertation (Delhi University)
942 _cDIS
_h376, SAV/DI
999 _c1391399
_d1391399